000 00191 a2200097 4500
020 _a9780544430730
041 _aspa
100 _aEllen Stoll Walsh
245 _aFiguras y Ratones
942 _cK
999 _c28859
_d28859